| 000 | 01062nam a2200241Ia 4500 | ||
|---|---|---|---|
| 003 | Ost | ||
| 005 | 20260507075802.0 | ||
| 008 | 260507s9999||||xx |||||||||||||| ||und|| | ||
| 020 | _a9789947868324 | ||
| 040 | _cfsecg | ||
| 041 | _aara | ||
| 082 | _a330.0151 | ||
| 100 |
_aمعطيب، بشير _eمؤلف |
||
| 245 | 0 |
_aالاقتصاد الكلي : _bدروس وتمارين / _c بشير معطيب |
|
| 250 | _aطبعة 2 | ||
| 260 |
_aالجزائر : _bمنشورات كليك, _c2013 |
||
| 300 |
_a213 صفحة؛ _bإيضاحات ؛ _c24 سم |
||
| 504 | _aبيبليوغرافيا: ص ص.214-218 | ||
| 520 | _aيتناول الكتاب ملف قياس النشاط الاقتصادي، ملف نموذج الدخل والانفاق، ملف نموذج أو IS/LM، ملف نموذج IS/LM/BP، ملف النموذج الكلاسيكي، ملف العرض الكلي والطلب الكلي، ملف البطالة والتضخم . | ||
| 653 | _aالاقتصاد- الطرق الرياضية | ||
| 653 | _aالاقصاد | ||
| 942 | _cكتاب | ||
| 999 |
_c46285 _d46285 |
||